MARC

LEADER 00000nam0a2200000 4500
001 327523
005 20231102003952.0
035 |a (RuTPU)RU\TPU\book\353207 
090 |a 327523 
100 |a 20170131d1927 m y0rusy50 ca 
101 0 |a rus 
102 |a RU 
105 |a a z 001zy 
200 1 |a Демонстрация и карнавал 
210 |a Москва  |c Изд-во Долой неграмотность  |d [1927] 
215 |a 141 с.  |c ил. 
320 |9 572  |a Библиогр.: с. 139-140 
606 1 |a Праздники массовые  |2 stltpush  |3 (RuTPU)RU\TPU\subj\51089  |9 69699 
610 1 |a демонстрация 
610 1 |a карнавалы 
610 1 |a страны мира 
610 1 |a организация 
610 1 |a театрализация 
610 1 |a музыка 
610 1 |a оформление 
675 |a 791.6  |v 4 
801 1 |a RU  |b 63413507  |c 20170131 
801 2 |a RU  |b 63413507  |c 20200907  |g RCR 
942 |c BK